| 000 | 00549nam a22001937a 4500 | ||
|---|---|---|---|
| 003 | OSt | ||
| 008 | 251215b |||||||| |||| 00| 0 eng d | ||
| 082 |
_a631.522028 _bC32S |
||
| 100 | _aChoudhary, Jata Shankar. | ||
| 245 | _aStudies on Relative Efficacy of Different Breeding Methods in Chickpea (Cicer arietinum L.) | ||
| 260 |
_a.- Pusa, Samastipur _b: RAU _c, 1989 |
||
| 300 | _a89p. | ||
| 650 | _aPlant Breeding and Genetics | ||
| 650 | _aChickpea | ||
| 650 | _aBreeding Methods | ||
| 650 | _aThesis | ||
| 650 | _aM. Sc. | ||
| 942 |
_2ddc _cT |
||
| 999 |
_c49449 _d49449 |
||